000 00354nam a22001457a 4500
003 LK-CoDNM
005 20240809142750.0
008 240809b |||||||| |||| 00| 0 eng d
040 _aLK-CoDNM
_dLK-CoDNM
_eLK-CoDNM
080 _a10
_bK26
245 _aINDIAN MUSEUM
260 _bCALCUTTA
_c1914
300 _alxxxvii, 130p. : ill ; 24 cm
942 _cBK
999 _c146962
_d146962